Normal view
MARC view
- Morris , Alan .S
Entry Personal Name
001 - CONTROL NUMBER
- control field: 58932
003 - CONTROL NUMBER IDENTIFIER
- control field: NUST
005 - DATE AND TIME OF LATEST TRANSACTION
- control field: 20210628202233.0
008 - FIXED-LENGTH DATA ELEMENTS
- fixed length control field: 210628|| aca||aabn | a|a d
040 ## - CATALOGING SOURCE
- Original cataloging agency: NUST
- Transcribing agency: NUST
100 ## - HEADING--PERSONAL NAME
- Personal name: Morris , Alan .S
670 ## - SOURCE DATA FOUND
- Source citation: Work cat.: (NUST): Morris , Alan .S, Iso 14000 environmental management standards ,engineering and financial aspects, 2004
